| 000 | 01558nam a22003491i 4500 | ||
|---|---|---|---|
| 001 | 195711 | ||
| 003 | ES-MaACL | ||
| 005 | 20250719062549.0 | ||
| 007 | ta | ||
| 008 | 240710m1892 cu r 000 a|spa c | ||
| 035 | _aRebiun20123399 | ||
| 040 |
_aES-MaAEC _bspa _dES-MaAEC _cES-MaACL |
||
| 080 | _a343.81(729.1) | ||
| 100 | 1 |
_aCalbeto, Antonio _9237364 |
|
| 245 | 1 | 0 | _aMemoria correspondiente a los años de 1890 y 1891 |
| 246 | 1 | 4 | _aMemoria del Presidio de la Habana correspondiente a los años 1890 y 1891 |
| 260 |
_aHabana : _bImprenta La Tipografia de Manuel R. Rubio _c1892. |
||
| 300 |
_a35 p. ; _c25 cm |
||
| 336 |
_2rdacontent _atexto |
||
| 337 |
_2rdamedia _asin mediación |
||
| 338 |
_2rdacarrier _avolumen |
||
| 500 | _aPrecede al tít.: Presidio de la Habana | ||
| 610 | 0 |
_aPresidio de la Habana _9237365 |
|
| 650 | 0 | 7 |
_aEstablecimientos penitenciarios- _9167488 _zCuba |
| 740 | 0 | _aPresidio de la Habana. Memoria del año de 1888 | |
| 740 | 0 | _aPresidio de la Habana. Memoria del año de 1889 | |
| 852 |
_aES-MaACL _bR.FOLL.7/7 _cSVI _dOlim: 193-c-14 _jD-91(7) _gAnotación manuscrita en portada: "Folletos penitenciarios. T. 14" _hDonación: Francisco Lastres y Juiz _9203883 _fSello en tinta en portada: "Donativo del Sr. Lastres al Ateneo de Madrid 1907" _xEncuadernado con otras obras formando un volumen facticio |
||
| 903 |
_aLastres y Juiz, Francisco, _d1848-1918 _q1 _ednr _970504 |
||
| 942 |
_n0 _cFOLLETOS |
||
| 999 |
_c195711 _d195711 |
||